00474nam a2200157 450000500170000001000140001702000260003103500140005703700130007108200060008410000200009024500620011026000450017227000790021730000200029620200128120319.0 aEN-127592 c599.00a9789351952817 aEN-111124 bDBAD/PUB aN aBhaskar,Dharini aThese our Bodies possessed by light /bby Dharini Bhaskar aGurugrambHachette Book Publishingc2019 a4th & 5th Floors, Corporate Centre, Plot no 094, Sec44, bGurugrame122003 a328p.c22cm(hb)